000
002910000a22000970004500
100
1
_a
Smith, Geoffrey
245
1
0
_a
A closer look at the window's offering : Mark 12:41-44
300
_a
Vol. 40, Num. 1 (Marzo, 1997), Páginas 27-36
773
0
_t
Journal of the Theological Society
942
_c
ANA
999
_c
54534
_d
54534